Statistics for Ligue 1 2021-2022 Top scorers

Click here to take the quiz!

General Stats

  • This quiz has been taken 16 times
  • The average score is 9 of 14

Answer Stats

GoalsNationalityClubPlayer% Correct
28FranceParis Saint-GermainKylian Mbappé
92%
13BrazilParis Saint-GermainNeymar
92%
25FranceMonacoWissam Ben Yedder
83%
18AlgeriaNiceAndy Delort
75%
15CanadaLilleJonathan David
75%
21FranceLyonMoussa Dembélé
75%
12FranceStrasbourgLudovic Ajorque
67%
12FranceMarseilleDimitri Payet
58%
12CameroonLyonKarl Toko Ekambi
58%
14GuineaClermontMohamed Bayo
58%
12FranceNantesRandal Kolo Muani
58%
21FranceRennesMartin Terrier
50%
12FranceLensArnaud Kalimuendo
42%
15France/RennesGaëtan Laborde
42%

Score Distribution

Percentile by Number Answered

Percent of People with Each Score

Your Score History

You have not taken this quiz